000 00222nam a2200085Ia 4500
008 120527s9999 xx 000 0 und d
100 _aHalgin, p. ricahrd
245 _aTaking sides: issues in abnormal psychology
942 _cBK
999 _c27565
_d27565